<?xml version="1.0" encoding="UTF-8"?><?xml-stylesheet type="text/xsl" href="static/style.xsl"?><OAI-PMH xmlns="http://www.openarchives.org/OAI/2.0/" xmlns:xsi="http://www.w3.org/2001/XMLSchema-instance" xsi:schemaLocation="http://www.openarchives.org/OAI/2.0/ http://www.openarchives.org/OAI/2.0/OAI-PMH.xsd"><responseDate>2026-04-13T15:18:00Z</responseDate><request verb="GetRecord" identifier="oai:www.recercat.cat:10230/68809" metadataPrefix="marc">https://recercat.cat/oai/request</request><GetRecord><record><header><identifier>oai:recercat.cat:10230/68809</identifier><datestamp>2025-12-19T20:28:31Z</datestamp><setSpec>com_2072_6</setSpec><setSpec>col_2072_452954</setSpec></header><metadata><record xmlns="http://www.loc.gov/MARC21/slim" xmlns:dcterms="http://purl.org/dc/terms/" xmlns:xsi="http://www.w3.org/2001/XMLSchema-instance" xmlns:doc="http://www.lyncode.com/xoai" xsi:schemaLocation="http://www.loc.gov/MARC21/slim http://www.loc.gov/standards/marcxml/schema/MARC21slim.xsd">
   <leader>00925njm 22002777a 4500</leader>
   <datafield ind2=" " ind1=" " tag="042">
      <subfield code="a">dc</subfield>
   </datafield>
   <datafield ind2=" " ind1=" " tag="720">
      <subfield code="a">Tejerina Ramos, Mireya</subfield>
      <subfield code="e">author</subfield>
   </datafield>
   <datafield ind2=" " ind1=" " tag="260">
      <subfield code="c">2024-11-25T14:11:01Z</subfield>
   </datafield>
   <datafield ind2=" " ind1=" " tag="260">
      <subfield code="c">2024-11-25T14:11:01Z</subfield>
   </datafield>
   <datafield ind2=" " ind1=" " tag="260">
      <subfield code="c">2024</subfield>
   </datafield>
   <datafield ind2=" " ind1=" " tag="520">
      <subfield code="a">Treball de fi de màster en Estudis de Cinema i Audiovisual Contemporanis</subfield>
   </datafield>
   <datafield ind2=" " ind1=" " tag="520">
      <subfield code="a">Tutor: Santiago Fillol Vázquez</subfield>
   </datafield>
   <datafield ind2=" " ind1=" " tag="520">
      <subfield code="a">En abril de 1945 el cadáver de Benito Mussolini fue expuesto en Piazzale Loreto colgado bocabajo y el suceso quedó inmortalizado en numerosas fotografías y vídeos. Prefiguradas por toda una tradición histórica e iconográfica de personajes invertidos, la imagen pretendía desmontar el aparato propagandístico fascista de los años&#xd;
anteriores. Al mismo tiempo, continuaba con toda una tendencia anterior que había intentado deshacerse del Duce a través de la destrucción de sus bustos y retratos. Sin embargo, desde la posguerra hasta la actualidad se ha cuestionado ampliamente la legitimidad de la exhibición de las imágenes, con el cine como principal encargado de&#xd;
plasmar este debate. Por ello, es habitual encontrar escenas que utilizan diversas estrategias para evitar incluir los documentos de Piazzale Loreto.</subfield>
   </datafield>
   <datafield tag="653" ind2=" " ind1=" ">
      <subfield code="a">Violència</subfield>
   </datafield>
   <datafield ind2="0" ind1="0" tag="245">
      <subfield code="a">Sic semper tyrannis: prefiguración y circulación de las imágenes de la muerte de Benito  Mussolini</subfield>
   </datafield>
</record></metadata></record></GetRecord></OAI-PMH>